Annuaire international de l'éducation et de l'enseignement. (Record no. 197)

MARC details
000 -LEADER
campo de control de longitud fija 00749nas a2200229 i 4500
001 - NÚMERO DE CONTROL
campo de control 197
003 - IDENTIFICADOR DE NÚMERO DE CONTROL
campo de control ES-MaACL
005 - FECHA Y HORA DE LA ÚLTIMA TRANSACCIÓN
campo de control 20250828083957.0
007 - CAMPO FIJO DE DESCRIPCIÓN FÍSICA--INFORMACIÓN GENERAL
campo de control de longitud fija t|
008 - DATOS DE LONGITUD FIJA--INFORMACIÓN GENERAL
campo de control de longitud fija 950801d19331994fr | | 1 ||re d
245 00 - MENCIÓN DEL TÍTULO
Título Annuaire international de l'éducation et de l'enseignement.
260 ## - PUBLICACIÓN, DISTRIBUCIÓN, ETC.
Lugar de publicación, distribución, etc. Paris :
Nombre del editor, distribuidor, etc. Unesco ;
Lugar de publicación, distribución, etc. Geneve :
Nombre del editor, distribuidor, etc. Bureau international d'éducation,
Fecha de publicación, distribución, etc. 1933-1994.
300 ## - DESCRIPCIÓN FÍSICA
Extensión 21 v. ;
Dimensiones 25 cm.
310 ## - PERIODICIDAD ACTUAL
Periodicidad actual Anual
362 1# - FECHAS DE PUBLICACIÓN Y/O DESIGNACIÓN SECUENCIAL
Fecha de publicación y/o designación secuencial 1(1933)-7(1939),8(1946)-14(1952)
500 ## - NOTA GENERAL
Nota general De 1953 a 1994, el nombre: Annuaire international de l'éducation.
650 #7 - PUNTO DE ACCESO ADICIONAL DE MATERIA--TÉRMINO DE MATERIA
Término de materia o nombre geográfico como elemento de entrada Educación
Fuente del encabezamiento o término embne
9 (RLIN) 12073
710 20 - ENTRADA AGREGADA--NOMBRE DE ENTIDAD CORPORATIVA
Nombre de entidad corporativa o nombre de jurisdicción como elemento de entrada Oficina Internacional de Educación
9 (RLIN) 6022
852 ## - LOCALIZACIÓN
Ubicación ES-MaACL
Número de control de estantería P-728
866 #0 - MENCIÓN TEXTUAL DE FONDOS--UNIDAD BIBLIOGRÁFICA BÁSICA
Fondos 1935-39,1946-50,1952-58,1966.
Holdings
Estatus retirado Estado de pérdida Estado de daño No para préstamo Colección Biblioteca de origen Biblioteca actual Ubicación en estantería Fecha de adquisición Fuente de adquisición Total de préstamos Signatura topográfica completa Código de barras Visto por última vez Precio de reemplazo Tipo de ítem Koha
        Periódicos y Revistas Biblioteca del Ateneo de Madrid Biblioteca del Ateneo de Madrid Depósito 2 17/01/2008     P-728 1000198 23/02/2023 23/02/2023 Revista